[Event "ECU-ch"]
[Site "Guayaquil"]
[Date "2014.07.02"]
[Round "3"]
[White "Macias Murillo, Bryan"]
[Black "Montenegro Torres, Carlos"]
[Result "1-0"]
[WhiteElo "2261"]
[BlackElo "2146"]
[PlyCount "133"]
[EventDate "2014.07.01"]
[EventType "tourn"]
[EventRounds "7"]
[EventCountry "ECU"]
[SourceTitle "CBM 161 Extra"]
[Source "ChessBase"]
[SourceDate "2014.08.29"]
[SourceVersion "1"]
[SourceVersionDate "2014.08.29"]
[SourceQuality "1"]

1. d4 g6 2. Nf3 Bg7 3. g3 d6 4. Bg2 Nf6 5. 0-0 0-0 6. c4 c5 7. Nc3 Nc6 8. d5 Na5 9. Nd2 a6 10. a4 Rb8 11. e4 Bd7 12. Qe2 Ne8 13. f4 Qc7 14. Re1 e5 15. Ra3 Nf6 16. Nf3 exf4 17. gxf4 Rfe8 18. e5 Ng4 19. h3 Nh6 20. Ne4 Nf5 21. Bd2 b6 22. Qd3 Nb7 23. Bc3 b5 24. axb5 axb5 25. exd6 Nbxd6 26. Bxg7 Rxe4 27. Rxe4 Nxg7 28. Re2 Nxc4 29. d6 Qxd6 30. Qxd6 Nxd6 31. Rd2 Ngf5 32. Ra6 b4 33. Raxd6 Nxd6 34. Rxd6 Bf5 35. Ne5 Kf8 36. Nd7+ Ke7 37. Rb6 Rxb6 38. Nxb6 Be6 39. Kf2 h6 40. Ke3 g5 41. Nd5+ Kd6 42. Nf6 gxf4+ 43. Kxf4 c4 44. Ne4+ Ke7 45. h4 f5 46. Ng3 c3 47. bxc3 bxc3 48. Ne2 c2 49. Nc1 Kf6 50. Bf1 Kg6 51. Be2 Bd7 52. Ke5 Kg7 53. Bh5 Bc8 54. Be8 f4 55. Kxf4 Kf6 56. Ba4 Bf5 57. Bb5 Bg6 58. Bd3 Bxd3 59. Nxd3 Kg6 60. Kg4 Kf6 61. Kh5 Kg7 62. Nc1 Kh7 63. Ne2 Kg7 64. Kg4 Kg6 65. h5+ Kf6 66. Kf4 Ke6 67. Nd4+ 1-0

[Event "Medellin Flores op 19th"]
[Site "Medellin"]
[Date "2013.08.05"]
[Round "5"]
[White "Montenegro Torres, Carlos"]
[Black "Castaneda Jimenez, Jhon David"]
[Result "1/2-1/2"]
[WhiteElo "2131"]
[BlackElo "2164"]
[PlyCount "68"]
[EventDate "2013.08.03"]
[EventType "swiss"]
[EventRounds "9"]
[EventCountry "COL"]
[SourceTitle "CBM 155 Extra"]
[Source "ChessBase"]
[SourceDate "2013.08.26"]
[SourceVersion "1"]
[SourceVersionDate "2013.08.26"]
[SourceQuality "1"]

1. c4 Nf6 2. Nc3 g6 3. g3 Bg7 4. Bg2 0-0 5. d3 c6 6. Nf3 d5 7. 0-0 d4 8. Nb1 c5 9. Nbd2 Nc6 10. a3 a5 11. b3 e5 12. Ne1 Bf5 13. Rb1 Qc7 14. Nc2 Rfe8 15. Ne4 Nxe4 16. dxe4 Be6 17. a4 Rad8 18. Ba3 b6 19. Ne1 Bh6 20. Bc1 Bxc1 21. Qxc1 Kg7 22. Qg5 Qe7 23. Qxe7 Rxe7 24. f4 f6 25. f5 Bc8 26. g4 g5 27. Bf3 Rh8 28. Kg2 Nd8 29. h4 gxh4 30. Rh1 Nf7 31. Rxh4 Ng5 32. Nd3 Bb7 33. Nf2 h6 34. Rbh1 Rd7 1/2-1/2

[Event "Medellin Flores op 19th"]
[Site "Medellin"]
[Date "2013.08.03"]
[Round "1"]
[White "Montenegro Torres, Carlos"]
[Black "Prieto, Ernesto"]
[Result "1-0"]
[WhiteElo "2131"]
[BlackElo "2128"]
[PlyCount "65"]
[EventDate "2013.08.03"]
[EventType "swiss"]
[EventRounds "9"]
[EventCountry "COL"]
[SourceTitle "CBM 155 Extra"]
[Source "ChessBase"]
[SourceDate "2013.08.26"]
[SourceVersion "1"]
[SourceVersionDate "2013.08.26"]
[SourceQuality "1"]

1. c4 Nf6 2. d3 g6 3. Nf3 Bg7 4. Nc3 d5 5. Qc2 d4 6. Nb1 0-0 7. g3 Nc6 8. Bg2 e5 9. 0-0 Re8 10. Nbd2 a5 11. b3 Bd7 12. a3 Qc8 13. Re1 Bh3 14. Bh1 Qd7 15. Rb1 Qe7 16. Ng5 Bd7 17. Nge4 Ng4 18. b4 axb4 19. axb4 f5 20. Nc5 Bc8 21. Qb3 Nd8 22. Ba3 Bh6 23. Nf1 Bf8 24. Ra1 c6 25. Na4 Be6 26. b5 Qf7 27. Bxf8 Rxf8 28. Nc5 Rxa1 29. Rxa1 e4 30. bxc6 bxc6 31. Qb6 e3 32. f4 Nf2 33. Bxc6 1-0

[Event "Guayaquil zt 2.3.5"]
[Site "Guayaquil"]
[Date "2012.03.05"]
[Round "1"]
[White "Guaranda Chancay, Edward Fabri"]
[Black "Montenegro Torres, Carlos"]
[Result "0-1"]
[WhiteElo "1625"]
[BlackElo "2161"]
[PlyCount "94"]
[EventDate "2012.03.05"]
[EventType "swiss"]
[EventRounds "9"]
[EventCountry "ECU"]
[SourceTitle "EXT 2013"]
[Source "ChessBase"]
[SourceDate "2012.11.22"]
[SourceVersion "1"]
[SourceVersionDate "2012.11.22"]
[SourceQuality "1"]

1. Nf3 g6 2. d4 Bg7 3. c4 d6 4. Nc3 Nf6 5. g3 0-0 6. Bg2 Nc6 7. 0-0 a6 8. Bg5 h6 9. Bxf6 Bxf6 10. e4 Bg4 11. Ne2 Qd7 12. Qd2 Bg7 13. Rad1 Rad8 14. d5 Nb8 15. h4 c5 16. Nh2 Bh3 17. Bxh3 Qxh3 18. Nf4 Qd7 19. Kg2 b5 20. Rc1 bxc4 21. Rxc4 Qb5 22. Rc2 Nd7 23. Nd3 Qa4 24. f3 Qxa2 25. b4 Qa3 26. bxc5 Nxc5 27. Nxc5 dxc5 28. Ra2 Qb4 29. Qxb4 cxb4 30. Rb1 Rb8 31. Rxa6 b3 32. Ra3 b2 33. Nf1 Rfc8 34. Kh3 Rc1 35. Nd2 Bc3 36. Rxc3 Rxc3 37. f4 Rc1 38. e5 Rxb1 39. Nxb1 Rd8 40. d6 exd6 41. exd6 Rxd6 42. Nc3 Rd1 43. Nxd1 b1Q 44. Ne3 Qh1+ 45. Kg4 h5+ 46. Kg5 Kg7 47. g4 f6# 0-1

[Event "Bogota McGregor op 1st"]
[Site "Bogota"]
[Date "2010.12.04"]
[Round "4"]
[White "Montenegro Torres, Carlos"]
[Black "Barrientos Chavarriaga, Sergio E"]
[Result "0-1"]
[WhiteElo "2220"]
[BlackElo "2516"]
[PlyCount "78"]
[EventDate "2010.12.03"]
[EventType "swiss"]
[EventRounds "10"]
[EventCountry "COL"]
[SourceTitle "CBM 139 Extra"]
[Source "ChessBase"]
[SourceDate "2011.01.05"]
[SourceVersion "1"]
[SourceVersionDate "2011.01.05"]
[SourceQuality "1"]

1. Nf3 d5 2. g3 Nf6 3. Bg2 Bg4 4. d3 Nbd7 5. h3 Bh5 6. g4 Bg6 7. Nh4 c6 8. Nxg6 hxg6 9. Nd2 e5 10. e3 Bc5 11. Qe2 Qe7 12. a3 a5 13. b3 0-0 14. Bb2 Rfe8 15. 0-0 Nh7 16. c4 Ng5 17. cxd5 cxd5 18. h4 Ne6 19. g5 d4 20. Kh1 Rab8 21. Ne4 Bb6 22. a4 Nec5 23. Ba3 Qe6 24. Nxc5 Nxc5 25. Bxc5 Bxc5 26. Rac1 b6 27. Rc4 dxe3 28. fxe3 Rbd8 29. Rf3 e4 30. Rxe4 Qxb3 31. Ref4 Rxd3 32. Rxf7 Rexe3 33. Rxe3 Rxe3 34. Rf3 Qb1+ 35. Rf1 Qb4 36. Bd5+ Kh7 37. Qc4 Qd2 38. Bg2 Qd7 39. Rf3 Rxf3 0-1

[Event "Medellin Americas op"]
[Site "Medellin"]
[Date "2009.11.14"]
[Round "5"]
[White "Montenegro Torres, Carlos"]
[Black "Hoyos Campuzano, Efrain"]
[Result "1/2-1/2"]
[WhiteElo "2239"]
[BlackElo "1951"]
[PlyCount "58"]
[EventDate "2009.11.12"]
[EventType "swiss"]
[EventRounds "9"]
[EventCountry "COL"]
[SourceTitle "EXT 2010"]
[Source "ChessBase"]
[SourceDate "2010.11.25"]
[SourceVersion "1"]
[SourceVersionDate "2010.11.25"]
[SourceQuality "1"]

1. c4 d5 2. cxd5 Nf6 3. e4 e6 4. Bb5+ c6 5. dxc6 bxc6 6. Ba4 Nxe4 7. Nf3 Nc5 8. d4 Qa5+ 9. Nc3 Ne4 10. Bd2 Nxd2 11. Nxd2 Bb4 12. Qf3 0-0 13. Bc2 Ba6 14. a3 Be7 15. h4 Nd7 16. Qxc6 Nf6 17. Nb3 Qb6 18. Qxb6 axb6 19. f3 Rfd8 20. Rd1 Rac8 21. Bd3 Bb7 22. Kf2 Bxa3 23. Na4 Bd5 24. Nc1 b5 25. Nb6 Bxb2 26. Nxc8 Rxc8 27. Bxb5 Bc4 28. Bxc4 Rxc4 29. Ne2 Rc2 1/2-1/2

[Event "Medellin de Las Americas op"]
[Site "Medellin"]
[Date "2008.11.13"]
[Round "8.3"]
[White "Montenegro Torres, Carlos"]
[Black "Beltran, Carlos Armando"]
[Result "1/2-1/2"]
[WhiteElo "2207"]
[BlackElo "2230"]
[PlyCount "66"]
[EventDate "2008.11.13"]
[EventType "swiss"]
[EventRounds "9"]
[EventCountry "COL"]
[SourceTitle "EXT 2024"]
[Source "ChessBase"]
[SourceDate "2023.10.10"]
[SourceVersion "1"]
[SourceVersionDate "2023.10.10"]
[SourceQuality "1"]

1. c4 Nf6 2. Nc3 e6 3. Qc2 c5 4. Nf3 Nc6 5. d3 Be7 6. g3 0-0 7. Bg2 b6 8. 0-0 Bb7 9. a3 Rc8 10. b3 d5 11. Rb1 d4 12. Na2 a5 13. Bd2 Ra8 14. b4 axb4 15. axb4 Ra7 16. b5 Nb8 17. Nc1 Nbd7 18. Nb3 Qc7 19. Ra1 Rfa8 20. Rxa7 Rxa7 21. Ra1 Qb8 22. Qb2 Bd6 23. Rxa7 Qxa7 24. Qa1 Qxa1+ 25. Nxa1 Bxf3 26. Bxf3 Kf8 27. Nb3 Ke7 28. Bg2 Kd8 29. Bf1 Kc7 30. Kg2 e5 31. e4 dxe3 32. fxe3 Nf8 33. Be2 Ne6 1/2-1/2

[Event "Medellin de Las Americas op"]
[Site "Medellin"]
[Date "2008.11.13"]
[Round "9.4"]
[White "Rios Parra, Mauricio Flores"]
[Black "Montenegro Torres, Carlos"]
[Result "0-1"]
[WhiteElo "2334"]
[BlackElo "2207"]
[PlyCount "94"]
[EventDate "2008.11.13"]
[EventType "swiss"]
[EventRounds "9"]
[EventCountry "COL"]
[SourceTitle "EXT 2024"]
[Source "ChessBase"]
[SourceDate "2023.10.10"]
[SourceVersion "1"]
[SourceVersionDate "2023.10.10"]
[SourceQuality "1"]

1. e4 d6 2. d4 Nf6 3. Nc3 g6 4. Nf3 Bg7 5. Bg5 h6 6. Be3 0-0 7. h3 Nbd7 8. Qd2 Kh7 9. 0-0-0 c6 10. g4 Ne8 11. h4 Rh8 12. h5 g5 13. Bc4 e6 14. Nh2 b5 15. Bd3 e5 16. Ne2 Nb6 17. f3 Kg8 18. Nf1 Be6 19. Kb1 a5 20. Nfg3 b4 21. dxe5 dxe5 22. Qe1 Qc7 23. Qf2 Nd7 24. Nf5 Bf8 25. Rd2 c5 26. Bb5 Rb8 27. c4 Nb6 28. b3 Bd7 29. Bxd7 Nxd7 30. Rhd1 Nb6 31. Neg3 a4 32. Rd3 Ra8 33. Qe2 axb3 34. axb3 f6 35. Bc1 Rh7 36. Qd2 Qa7 37. Bb2 Qa2+ 38. Kc1 Nc7 39. Qc2 Ne6 40. Rd6 Bxd6 41. Rxd6 Rd7 42. Rxd7 Nxd7 43. Nxh6+ Kh7 44. Nhf5 Nd4 45. Nxd4 cxd4 46. c5 Rc8 47. c6 Nb8 0-1